Boost your presentation iq, proven techniques for winning presentations and speeches (Record no. 572867)
[ view plain ]
| 000 -LEADER | |
|---|---|
| fixed length control field | 00513nam a22001817a 4500 |
| 003 - CONTROL NUMBER IDENTIFIER | |
| control field | CEME |
| 005 - DATE AND TIME OF LATEST TRANSACTION | |
| control field | 20210628203246.0 |
| 008 - FIXED-LENGTH DATA ELEMENTS--GENERAL INFORMATION | |
| fixed length control field | 210122b xxu||||| |||| 00| 0 eng d |
| 020 ## - INTERNATIONAL STANDARD BOOK NUMBER | |
| International Standard Book Number | 0-07-145898-0 |
| 040 ## - CATALOGING SOURCE | |
| Transcribing agency | . |
| 082 ## - DEWEY DECIMAL CLASSIFICATION NUMBER | |
| Classification number | 808.51 PIN |
| 100 ## - MAIN ENTRY--PERSONAL NAME | |
| Personal name | Pincus, Marilyn |
| 9 (RLIN) | 64342 |
| 245 ## - TITLE STATEMENT | |
| Title | Boost your presentation iq, proven techniques for winning presentations and speeches |
| 260 ## - PUBLICATION, DISTRIBUTION, ETC. | |
| Place of publication, distribution, etc. | NEW YORK |
| Name of publisher, distributor, etc. | MCGRAW HILL |
| Date of publication, distribution, etc. | 2006 |
| 300 ## - PHYSICAL DESCRIPTION | |
| Extent | XII,172 P |
| 650 ## - SUBJECT ADDED ENTRY--TOPICAL TERM | |
| Topical term or geographic name entry element | PRESENTATION TECHNIQUES. |
| 9 (RLIN) | 64343 |
| 942 ## - ADDED ENTRY ELEMENTS (KOHA) | |
| Koha item type | Book |
| Source of classification or shelving scheme | |
| Withdrawn status | Lost status | Source of classification or shelving scheme | Damaged status | Not for loan | Permanent Location | Current Location | Shelving location | Date acquired | Shelving control number | Full call number | Barcode | Date last seen | Price effective from | Koha item type | Public note |
|---|---|---|---|---|---|---|---|---|---|---|---|---|---|---|---|
| College of Electrical & Mechanical Engineering (CEME) | College of Electrical & Mechanical Engineering (CEME) | Fiction | 07/26/2017 | English Literature | 808.51 PIN | CEME-43792 | 06/28/2021 | 06/28/2021 | Book | CART-4 | |||||
| College of Electrical & Mechanical Engineering (CEME) | College of Electrical & Mechanical Engineering (CEME) | Fiction | 07/26/2017 | English Literature | 808.51 PIN | CEME-43793 | 06/28/2021 | 06/28/2021 | Book | CART-4 | |||||
| College of Electrical & Mechanical Engineering (CEME) | College of Electrical & Mechanical Engineering (CEME) | Fiction | 07/26/2017 | English Literature | 808.51 PIN | CEME-43843 | 06/28/2021 | 06/28/2021 | Book | CART-4 |
